| 000 | 01848nam0a2200337 4500 | ||
|---|---|---|---|
| 001 | RU\NLR\bibl\852395 | ||
| 005 | 20260408200325.0 | ||
| 010 | _a5-901100-21-1 | ||
| 021 |
_aRU _b2005-27574 _91387 |
||
| 035 | _a(NLR Aleph) 000841139 | ||
| 090 |
_a1421216 _c1421216 |
||
| 100 | _a20051012d2005 k y0rusy50 ca | ||
| 101 | 0 | _arus | |
| 102 | _aRU | ||
| 105 | _aa ||||||||| | ||
| 200 | 1 |
_aУгревая болезнь в практике врача-дерматокосметолога _fА.В. Майорова, В.С. Шаповалов, С.Н. Ахтямов _gРос. ун-т дружбы народов, НОУ "Школа медицинской эстетики Алены Майоровой" |
|
| 210 |
_aМосква _cКосметика и медицина _d2005 |
||
| 215 |
_a160, [31] с. _cил., цв. ил. _d22 |
||
| 300 | _aНа 2-й с. обл. авт.: Майорова А.В., к. фармацевт. н., доц., Шаповалов В.С., врач-дерматовенеролог, Ахтямов С.Н., врач-дерматокосметолог, к.м.н., доц. | ||
| 320 | _aБиблиогр.: с. 86-92 (124 назв.) | ||
| 327 | 1 | _aВ кн. также: Тематическая подборка статей из журнала "Косметика и медицина" | |
| 606 |
_aУгри (дерм.) _xТерапия _92395281 _3RU\NLR\auth\661428166 |
||
| 686 | _aР608.13-5 | ||
| 700 | 1 |
_aМайорова _bА. В. _gАлена Валентиновна _4070 |
|
| 701 | 1 |
_aШаповалов _bВ. С. _gВадим Сергеевич _4070 |
|
| 701 | 1 |
_aАхтямов _bС. Н. _gСергей Николаевич _4070 |
|
| 801 | 0 |
_aRU _bNLR _c20051012 _grcr |
|
| 801 | 1 |
_aRU _bNLR _c20051012 |
|
| 942 | _cBOOK | ||
| 980 | _aNB | ||